Responses for Show #5602 - Tuesday, January 6, 2009

Ask Alex #11: Hobby.

Contestants

[<< previous game]

Alison Miester, a human resources specialist from Longmont, Colorado

Ranjan Ramchandani, a management consultant from Houston, Texas

Victoria Harkavy, an AmeriCorps service member from Potomac, Maryland (whose 1-day cash winnings total $24,900)

[next game >>]

Jeopardy! Round responses

NEVADA
BEATLES LYRICS
(Alex: You have to give us the song title.)
WE'VE GOT ISSUES
MEETING YOUR CAR MAKER
FEEL THE PAINE
"OW"!
    $200 22
snow

Ranjan
    $200 15
"Michelle"

Ranjan
    $200 1
Wine

Victoria
    $200 3
Toyota

Ranjan
    $200 17
George III

Ranjan
    $200 9
a vowel

Ranjan
    $400 23
its state constitution

Ranjan
    $400 16
"Eleanor Rigby"

Victoria
    $400 2
Elle

Alison
    $400 27
Chevrolet

Ranjan
    $400 18
1776

Ranjan
    $400 11
a cowboy

Victoria
    $2,600 24
(Ranjan: What is a presidential debate?)

a nuclear explosion (or detonation)

Ranjan
    $600 10
(Victoria: What is "Hello"?)
(Alison: What is "Goodbye, Hello"?)
...
(Alex: Yep. That's it. The ladies surrounded it, and you corralled it.)

"Hello, Goodbye"

VictoriaRanjanAlison
    $600 4
Prevention

Victoria
    $600 28
(Victoria: What is Honda?)

Chrysler

VictoriaRanjan
    $600 19
the Quakers

Alison
    $600 12
fowl

Victoria
    $800 26
the tree

Alison
    $800 8
(Victoria: What is Baby, you can [*]?)

"Drive My Car"

Victoria
    $800 5
Good Housekeeping

Victoria
    $800 30
Mitsubishi

Victoria
    $800 20
the French Revolution

Victoria
    $800 13
a brow

Victoria
    $1000 25
(Ranjan: What is Reno?)

Henderson

Ranjan
Triple Stumper
    $1000 7
"Norwegian Wood"

Ranjan
    $1000 6
Vogue

Ranjan
    $1000 29
Subaru

Triple Stumper
    $1000 21
(Victoria: What is the Minuteman?)

the sunshine patriot

Victoria
Triple Stumper
    $1000 14
Howard

Alison

Scores at the first commercial break (after clue 16):

Victoria Ranjan Alison
$4,000 $3,200 $800

Scores at the end of the Jeopardy! Round:

Victoria Ranjan Alison
$4,000 $1,800 $2,200

Double Jeopardy! Round responses

WORLD HISTORY
THEY'RE TALKIN' BASEBALL
FILL IN THE BOOK TITLE
SPAM
HOPE YOU STAYED AWAKE IN MATH
10-, 11- & 12-LETTER WORDS
    $400 6
the Great Wall

Victoria
    $400 1
(Ranjan: What is the Moon?)

the Sun

RanjanAlison
    $400 25
The Pilgrim's Progress

Ranjan
    $400 2
Monty Python

Ranjan
    $400 13
90 degrees

Ranjan
    $400 15
a Midwesterner

Victoria
    $800 7
Venezuela

Ranjan
    $800 3
loaded

Ranjan
    $800 24
Beloved

Victoria
    $800 4
Hormel

Ranjan
    $800 14
300

Victoria
    $800 16
multitasking

Alison
    $1200 8
Robespierre

Ranjan
    $1200 26
Casey Stengel

Triple Stumper
    $3,000 11
All The Pretty Horses

Ranjan
    $1200 5
Jesus

Victoria
    $1200 20
E=mc2

Ranjan
    $1,800 17
(Alison: What is handwriting?)

a fingerprint

Alison
    $1600 9
the Philippines

Ranjan
    $1600 29
the warning track

Triple Stumper
    $1600 12
Brideshead Revisited

Alison
    $1600 27
phishing

Alison
    $1600 21
sine

Ranjan
    $1600 18
omnipotent

Ranjan
    $2000 10
Henry III

Triple Stumper
    $2000 30
Fernando Valenzuela

Alison
    $2000 23
Mother Night

Triple Stumper
    $2000 28
spim

Triple Stumper
    $2000 22
(Victoria: What is 3?)

4

Victoria
Triple Stumper
    $2000 19
penultimate

Victoria

Scores at the end of the Double Jeopardy! Round:

Victoria Ranjan Alison
$7,600 $15,200 $6,800
(lock-tie game)

[wagering suggestions for these scores]

Final Jeopardy! Round responses

HISTORIC STRUCTURES
AlisonWhat is the Coliseum?
$3,000
VictoriaWhat is the Colosseum?
$7,600
RanjanWhat is the Coliseum?
$0
the Colosseum

Final scores:

Victoria Ranjan Alison
$15,200 $15,200 $9,800
2-day co-champion: $40,100 New co-champion: $15,200 2nd place: $2,000

Game dynamics:

Coryat scores:

Victoria Ranjan Alison
$7,600 $16,000 $8,600
16 R,
4 W
24 R
(including 1 DD),
3 W
(including 1 DD)
9 R,
2 W
(including 1 DD)

Combined Coryat: $32,200

[game clues] [game scores] [suggest correction]

Game tape date: 2008-11-05
The J! Archive is created by fans, for fans. Scraping, republication, monetization, and malicious use prohibited; this site may use cookies and collect identifying information. See terms. The Jeopardy! game show and all elements thereof, including but not limited to copyright and trademark thereto, are the property of Jeopardy Productions, Inc. and are protected under law. This website is not affiliated with, sponsored by, or operated by Jeopardy Productions, Inc. Join the discussion at JBoard.tv.